000 00272nam a22001217a 4500
008 180820b xxu||||| |||| 00| 0 eng d
041 _aeng
080 _219 ED
_a61
100 _a4
101 _aSHM
245 _aAQUATIC ANIMAL HEALTH CODE
_cJAMES.R
942 _2udc
_cBK
999 _c47226
_d47226